00727nam a2200205 a 450000500170000000800410001705000180005805000180007610000190009424501030011326000860021630000210030244000090032350000510033265000400038365000480042365000140047165000190048570000170050420140414093827.0021121s19uu xx 00 eng d aVHS 300bR 29 aVHS 300bR 28 aWiggins, Grant aUnderstanding by design (2) :cGrant Wiggins and Jay McTighe.busing the backward design process / aAlexandria, Va :bAssociation for Supervision and Curriculum Development,cc2000. a3 tapes, 55 min. aASCD aIncludes bibliographical references and index. aCurriculum planningxUnited States. aCurriculum based-assessmentxUnited States. aLearning. aComprehension. aMcTighe, Jay